000
00262nam a22001097a 4500
008
160512b xxu||||| |||| 00| 0 eng d
020
_a
002-028883
041
_a
eng
080
_a
612.39
245
_a
Understanding nutrition:
_c
lorraine E. Bailey;
942
_2
udc
_c
BK
999
_c
2128
_d
2128